BASIC AND APPLIED SOIL / (Record no. 587252)
[ view plain ]
| 000 -LEADER | |
|---|---|
| fixed length control field | 00327nam a22001337a 4500 |
| 040 ## - CATALOGING SOURCE | |
| Transcribing agency | FIZZA ISHAQ |
| 082 ## - DEWEY DECIMAL CLASSIFICATION NUMBER | |
| Classification number | 624.1536 |
| Author Mark | GOP |
| 100 ## - MAIN ENTRY--PERSONAL NAME | |
| Personal name | RAS, RANJAN GOPAL. |
| 9 (RLIN) | 86180 |
| 245 ## - TITLE STATEMENT | |
| Title | BASIC AND APPLIED SOIL / |
| Statement of responsibility, etc. | GOPAL RANJAN RAS. |
| 250 ## - EDITION STATEMENT | |
| Edition statement | 3rd ED. |
| 260 ## - PUBLICATION, DISTRIBUTION, ETC. | |
| Place of publication, distribution, etc. | NEW DEHLI : |
| Date of publication, distribution, etc. | 1991. |
| 300 ## - PHYSICAL DESCRIPTION | |
| Extent | 752 P. ; |
| 942 ## - ADDED ENTRY ELEMENTS (KOHA) | |
| Source of classification or shelving scheme | |
| Koha item type | Book |
| Withdrawn status | Lost status | Source of classification or shelving scheme | Damaged status | Not for loan | Permanent Location | Current Location | Date acquired | Total Checkouts | Full call number | Date last seen | Copy number | Price effective from | Koha item type |
|---|---|---|---|---|---|---|---|---|---|---|---|---|---|
| NUST Baluchistan Campus (NBC) | NUST Baluchistan Campus (NBC) | 12/09/2021 | 624.1536 GOP | 12/09/2021 | Q-2145 | 12/09/2021 | Book |
